| Record ID | marc_loc_2016/BooksAll.2016.part10.utf8:1992516:415 |
| Source | Library of Congress |
| Download Link | /show-records/marc_loc_2016/BooksAll.2016.part10.utf8:1992516:415?format=raw |
LEADER: 00415nam a2200169 4500
001 76081641
003 DLC
005 19691027000000.0
008 691016s1969 nyu 00001 eng
010 $a 76081641
050 0 $aPZ3.W6466$bAf$aPS3545.I343
082 $a813/.5/2
100 10 $aWilder, Robert,$d1901-
245 1 $aAn affair of honor.
260 0 $aNew York,$bPutnam$c[1969]
300 $a383 p.$c22 cm.
350 $a6.95